|
|
|
|
| LEADER |
01324nam a2200337 a 4500 |
| 001 |
27971 |
| 003 |
BD-DhAAL |
| 005 |
20140329160005.0 |
| 008 |
140329s2011 wiub b 001 0 eng d |
| 010 |
|
|
|a 2010054359
|
| 020 |
|
|
|a 9780299283544 (pbk.)
|
| 020 |
|
|
|a 0299283542 (pbk.)
|
| 020 |
|
|
|a 9780299283537 (ebook)
|
| 040 |
|
|
|a WU/DLC
|c DLC
|d DLC
|d BD-DhAAL
|
| 041 |
|
|
|a eng
|
| 050 |
0 |
0 |
|a HC422.Z7
|b B872 2011
|
| 082 |
0 |
0 |
|a 338.9591
|2 22
|
| 100 |
1 |
|
|a Adas, Michael,
|d 1943-
|9 4166
|
| 245 |
1 |
4 |
|a The Burma Delta:
|b economic development and social change on an Asian rice frontier, 1852-1941 /
|c Michael Adas.
|
| 260 |
|
|
|a Madison, Wis. :
|b University of Wisconsin Press,
|c c2011.
|
| 300 |
|
|
|a xxiii, 256 p. :
|b maps ;
|c 24 cm.
|
| 490 |
1 |
|
|a New perspectives in Southeast Asian studies
|
| 504 |
|
|
|a Includes bibliographical references (p. 235-251) and index.
|
| 541 |
|
|
|e 27971
|
| 650 |
|
0 |
|a Rice trade
|z Burma, Lower.
|9 4167
|
| 651 |
|
0 |
|a Burma, Lower
|x Economic conditions.
|9 4168
|
| 651 |
|
0 |
|a Burma, Lower
|x Social conditions.
|9 4169
|
| 830 |
|
0 |
|a New perspectives in Southeast Asian studies.
|9 4170
|
| 942 |
|
|
|2 ddc
|c BK
|
| 999 |
|
|
|c 14231
|d 14231
|
| 952 |
|
|
|0 0
|1 0
|2 ddc
|4 0
|6 338_959100000000000_ADA
|7 0
|9 24051
|a BRACUL
|b BRACUL
|c GEN
|d 2014-03-29
|e Trim Education
|g 2475.00
|l 0
|o 338.9591 ADA
|p 3010027971
|r 2014-03-29
|t 1
|w 2014-03-29
|y BK
|